Problemas jurídicos contemporáneos (Record no. 150694)

MARC details
000 -LEADER
campo de control de longitud fija 00607nam a2200169 i 4500
001 - NÚMERO DE CONTROL
campo de control 150694
003 - IDENTIFICADOR DE NÚMERO DE CONTROL
campo de control ES-MaACL
005 - FECHA Y HORA DE LA ÚLTIMA TRANSACCIÓN
campo de control 20230906203637.0
007 - CAMPO FIJO DE DESCRIPCIÓN FÍSICA--INFORMACIÓN GENERAL
campo de control de longitud fija t|
008 - DATOS DE LONGITUD FIJA--INFORMACIÓN GENERAL
campo de control de longitud fija 071106s1941 sp ||||1| spa d
100 1# - ENTRADA PRINCIPAL--NOMBRE DE PERSONA
Nombre de persona Fenech, Miguel (
Fechas asociadas al nombre 1912-1987)
9 (RLIN) 49244
245 10 - MENCIÓN DEL TÍTULO
Título Problemas jurídicos contemporáneos
Resto del título : la posición del juez en el nuevo estado : ensayo de sistematización de las directrices actuales /
Mención de responsabilidad, etc. Miguel Fenech ; prólogo Jaime Guasp.
260 ## - PUBLICACIÓN, DISTRIBUCIÓN, ETC.
Lugar de publicación, distribución, etc. Madrid :
Nombre del editor, distribuidor, etc. Espasa-Calpe,
Fecha de publicación, distribución, etc. [1941]
300 ## - DESCRIPCIÓN FÍSICA
Extensión 211 p. ;
Dimensiones 20 cm.
700 1# - ENTRADA AGREGADA--NOMBRE PERSONAL
Nombre de persona Guasp, Jaime.
9 (RLIN) 60362
852 ## - LOCALIZACIÓN
Ubicación ES-MaACL
Número de control de estantería B-9496
Sublocalización o colección R.19246
Holdings
Estatus retirado Estado de pérdida Estado de daño No para préstamo Biblioteca de origen Biblioteca actual Ubicación en estantería Fecha de adquisición Fuente de adquisición Total de préstamos Signatura topográfica completa Código de barras Visto por última vez Precio de reemplazo Tipo de ítem Koha
        Biblioteca del Ateneo de Madrid Biblioteca del Ateneo de Madrid Sala Pardo Bazán 17/01/2008     B-9496 1157241 23/02/2023 23/02/2023 Libro impreso